000 00581nam a2200193 a 4500
005 20140310183354.0
008 120919s19uu xx 00 eng d
020 _a9781444110012
050 _aPQ 7081
_b.T939 2010
100 _aTurk, Phil
245 _aPalabra por palabra :
_bPalabra por palabra /
_cPhil Turk.
250 _a5th ed.
260 _aLondon, UK :
_bHodder Education,
_c2010.
300 _a132 p. :
_c20 cm.
650 _aSpanish language
_xVocabulary
650 _aSpanish language
_xTextbooks for foreign speakers
_xEnglish
942 _cBK
_2lcc
999 _c22185
_d22185